[Event "Paleochora op 16th"]
[Site "Paleochora"]
[Date "2023.07.23"]
[Round "6"]
[White "Banikas, Hristos"]
[Black "Ergazakis, Ioannis"]
[Result "1-0"]
[WhiteElo "2599"]
[BlackElo "2178"]
[PlyCount "53"]
[EventDate "2023.07.19"]
[EventType "swiss"]
[EventRounds "9"]
[EventCountry "GRE"]
[SourceTitle "EXT 2024"]
[Source "ChessBase"]
[SourceDate "2023.10.10"]
[SourceVersion "1"]
[SourceVersionDate "2023.10.10"]
[SourceQuality "1"]

1. d4 Nf6 2. c4 e6 3. Nf3 d5 4. e3 Be7 5. b3 0-0 6. Bb2 c5 7. cxd5 exd5 8. Be2 Nc6 9. 0-0 Bg4 10. dxc5 Bxc5 11. Nc3 Qd7 12. Rc1 Be7 13. Re1 Rfd8 14. h3 Bh5 15. Nd4 Bg6 16. Bb5 a6 17. Bxc6 bxc6 18. Na4 Rac8 19. Nb6 Qb7 20. Nxc8 Rxc8 21. Ne2 Bb4 22. Rf1 Ne4 23. Nf4 Nd2 24. Nxg6 Nxf1 25. Nf4 Nd2 26. Qg4 g6 27. Nxd5 1-0

[Event "Titled Tuesday intern op 11th Jul Early"]
[Site "Chess.com INT"]
[Date "2023.07.11"]
[Round "6"]
[White "Mizzi, Jack"]
[Black "Ergazakis, Ioannis"]
[Result "0-1"]
[WhiteElo "1986"]
[BlackElo "2178"]
[PlyCount "60"]
[EventDate "2023.07.11"]
[EventType "swiss (blitz)"]
[EventRounds "11"]
[EventCountry "USA"]
[SourceTitle "EXT 2024"]
[Source "ChessBase"]
[SourceDate "2023.10.10"]
[SourceVersion "1"]
[SourceVersionDate "2023.10.10"]
[SourceQuality "1"]

1. d4 Nf6 2. c4 e6 3. g3 d5 4. Bg2 Bb4+ 5. Nd2 0-0 6. Qc2 b6 7. Ngf3 Bb7 8. 0-0 a5 9. a3 Be7 10. Ne5 Nbd7 11. e4 Nxe5 12. dxe5 Nxe4 13. Nxe4 dxe4 14. Rd1 Qe8 15. Bxe4 Bxe4 16. Qxe4 Qa4 17. Be3 Qb3 18. Rd7 Qxb2 19. Rb1 Qxa3 20. Rxc7 Bc5 21. Bxc5 bxc5 22. Rbb7 Rad8 23. Qf4 Rd1+ 24. Kg2 Qd3 25. Rxf7 Qf1+ 26. Kf3 Qd3+ 27. Kg4 Qg6+ 28. Kh4 Qxf7 29. Rxf7 Rxf7 30. Qe4 Rd4 0-1

[Event "Chania Theodorakis Memorial 2nd"]
[Site "Chania"]
[Date "2023.04.23"]
[Round "9"]
[White "Ceres, Dragos"]
[Black "Ergazakis, Ioannis"]
[Result "1-0"]
[WhiteElo "2409"]
[BlackElo "2189"]
[PlyCount "99"]
[EventDate "2023.04.17"]
[EventType "swiss"]
[EventRounds "9"]
[EventCountry "GRE"]
[SourceTitle "EXT 2024"]
[Source "ChessBase"]
[SourceDate "2023.10.10"]
[SourceVersion "1"]
[SourceVersionDate "2023.10.10"]
[SourceQuality "1"]

1. e4 c5 2. Nf3 d6 3. d4 cxd4 4. Nxd4 Nf6 5. Nc3 a6 6. f3 e6 7. Be3 b5 8. Qd2 Nbd7 9. g4 b4 10. Nce2 h6 11. h4 d5 12. Bh3 dxe4 13. g5 exf3 14. gxf6 fxe2 15. Bg2 Rb8 16. Nc6 Qxf6 17. Nxb8 Nxb8 18. Bd4 Qg6 19. Qxe2 Qg3+ 20. Qf2 Bd6 21. Qxg3 Bxg3+ 22. Ke2 Bd7 23. a3 bxa3 24. Rxa3 Bb5+ 25. c4 Bxc4+ 26. Kd1 0-0 27. Rxg3 Rd8 28. Rxg7+ Kf8 29. Rg4 e5 30. Rg1 exd4 31. Bf1 Bb3+ 32. Kd2 Ke7 33. Rg8 Rf8 34. Rxf8 Kxf8 35. Rg4 Nc6 36. Bxa6 Ke7 37. Be2 Kd6 38. Rg8 Ne7 39. Rh8 Nf5 40. h5 Ke5 41. Bd3 Ng3 42. Rxh6 Be6 43. b4 Bg4 44. b5 Bxh5 45. Rc6 Bf3 46. Rc7 Bd5 47. Rd7 Nh5 48. b6 Nf6 49. Re7+ Kd6 50. b7 1-0

[Event "Chania Theodorakis Memorial 1st"]
[Site "Chania"]
[Date "2022.04.28"]
[Round "6"]
[White "Koridze, Lile"]
[Black "Ergazakis, Ioannis"]
[Result "0-1"]
[WhiteElo "2010"]
[BlackElo "2255"]
[PlyCount "52"]
[EventDate "2022.04.25"]
[EventType "swiss"]
[EventRounds "9"]
[EventCountry "GRE"]
[SourceTitle "CBM 208 Extra"]
[Source "ChessBase"]
[SourceDate "2022.07.31"]
[SourceVersion "1"]
[SourceVersionDate "2022.07.31"]
[SourceQuality "1"]

1. d4 Nf6 2. c4 g6 3. Nc3 Bg7 4. e4 d6 5. Nf3 0-0 6. Be2 e5 7. d5 a5 8. Bg5 h6 9. Be3 Ng4 10. Bd2 f5 11. exf5 Bxf5 12. h3 Nxf2 13. Kxf2 e4 14. Re1 exf3 15. Bxf3 Qh4+ 16. Kg1 Bxh3 17. Ne4 Bf5 18. Bc3 Bxc3 19. Nxc3 Nd7 20. Be4 Ne5 21. b3 Ng4 22. Bf3 Qf2+ 23. Kh1 Bc2 24. Bxg4 Qh4+ 25. Bh3 Bxd1 26. Raxd1 Rae8 0-1

[Event "Chania Theodorakis Memorial 1st"]
[Site "Chania"]
[Date "2022.04.27"]
[Round "5"]
[White "Ergazakis, Ioannis"]
[Black "Poysti, Nathanael Nicolai"]
[Result "1/2-1/2"]
[WhiteElo "2255"]
[BlackElo "2190"]
[PlyCount "194"]
[EventDate "2022.04.25"]
[EventType "swiss"]
[EventRounds "9"]
[EventCountry "GRE"]
[SourceTitle "CBM 208 Extra"]
[Source "ChessBase"]
[SourceDate "2022.07.31"]
[SourceVersion "1"]
[SourceVersionDate "2022.07.31"]
[SourceQuality "1"]

1. d4 Nf6 2. c4 e6 3. g3 Bb4+ 4. Nd2 c5 5. a3 Bxd2+ 6. Qxd2 cxd4 7. Nf3 b6 8. Bg2 Bb7 9. Qxd4 Nc6 10. Qh4 Ne7 11. 0-0 0-0 12. b4 Ng6 13. Qd4 d5 14. Bb2 dxc4 15. Qxc4 Rc8 16. Qb3 Bd5 17. Qa4 Qe7 18. Rac1 Qb7 19. Rfe1 Rfd8 20. b5 Rxc1 21. Rxc1 Ne4 22. Qd4 f6 23. Qe3 Nc5 24. h4 Qf7 25. Rd1 Rd7 26. h5 Ne7 27. g4 h6 28. Bc3 e5 29. Bb4 Be6 30. Rxd7 Nxd7 31. Nh2 Nd5 32. Qc1 Nxb4 33. axb4 Bc4 34. Qd2 Nf8 35. Bc6 Ne6 36. e3 Qc7 37. Bd7 Ng5 38. Bc6 Kf8 39. Kg2 a6 40. f4 exf4 41. exf4 Ne6 42. Kg3 axb5 43. Be4 Ng5 44. Bg6 Bf7 45. Qd3 Ne6 46. Qe3 Qd6 47. Qe4 Nc7 48. Qb7 Ke7 49. Bxf7 Kxf7 50. Nf3 Kf8 51. Qe4 Nd5 52. Nh4 Ne7 53. Nf3 Nd5 54. Nd4 Nxb4 55. Qa8+ Kf7 56. Nf5 Qc7 57. Qe4 Nc6 58. Qd5+ Kf8 59. Nd6 Qd7 60. g5 fxg5 61. fxg5 hxg5 62. Qf3+ Ke7 63. Nf5+ Kd8 64. Qe4 b4 65. Kg4 Ne7 66. Qa8+ Qc8 67. Qxc8+ Nxc8 68. Nxg7 b3 69. h6 b2 70. h7 b1Q 71. h8Q+ Kc7 72. Ne6+ Kd6 73. Nxg5 Qg1+ 74. Kf4 Qc1+ 75. Kg4 Qd1+ 76. Nf3 Qa4+ 77. Kg3 Kc7 78. Qe5+ Nd6 79. Qg7+ Kc6 80. Qc3+ Kb7 81. Qg7+ Ka6 82. Qf8 Qc6 83. Kf2 b5 84. Nd2 b4 85. Qf4 Qc5+ 86. Ke2 Kb5 87. Kd1 Ka4 88. Qf3 Kb5 89. Qd3+ Kc6 90. Qc2 Kb5 91. Qxc5+ Kxc5 92. Kc2 Nc4 93. Nxc4 Kxc4 94. Kb2 b3 95. Kb1 Kc3 96. Kc1 b2+ 97. Kb1 Kb3 1/2-1/2

[Event "GRE-chT Cup Final"]
[Site "Thessaloniki"]
[Date "2021.12.19"]
[Round "4.1"]
[White "Kouskoutis, Georgios Alexandros"]
[Black "Ergazakis, Ioannis"]
[Result "1-0"]
[WhiteElo "2257"]
[BlackElo "2264"]
[PlyCount "61"]
[EventDate "2021.12.18"]
[EventType "team-k.o."]
[EventRounds "5"]
[EventCountry "GRE"]
[SourceTitle "CBM 205 Extra"]
[Source "ChessBase"]
[SourceDate "2022.01.31"]
[SourceVersion "1"]
[SourceVersionDate "2022.01.31"]
[SourceQuality "1"]
[WhiteTeam "Amo Galaxias"]
[BlackTeam "Skakistiki Epikoinonia"]
[WhiteTeamCountry "GRE"]
[BlackTeamCountry "GRE"]

1. c4 g6 2. g3 Bg7 3. Bg2 d6 4. Nc3 c5 5. e4 Nc6 6. Nge2 e6 7. 0-0 Nge7 8. Rb1 0-0 9. a3 b6 10. d3 Bb7 11. h3 Nd4 12. Nxd4 cxd4 13. Ne2 d5 14. exd5 exd5 15. Bg5 Re8 16. Bxe7 Qxe7 17. Nf4 dxc4 18. dxc4 Bxg2 19. Kxg2 Rac8 20. Qd3 Qc5 21. b3 Qxa3 22. Ra1 Qe7 23. Nd5 Qd7 24. Ra6 Rb8 25. Qf3 Rb7 26. g4 h6 27. b4 Rc8 28. Rc1 Rbb8 29. c5 Qb7 30. Rca1 Ra8 31. Nf6+ 1-0

[Event "GRE-chT 48th"]
[Site "Athens"]
[Date "2021.09.08"]
[Round "3.5"]
[White "Pagkalis, Michail"]
[Black "Ergazakis, Ioannis"]
[Result "0-1"]
[WhiteElo "1280"]
[BlackElo "2275"]
[PlyCount "86"]
[EventDate "2021.09.07"]
[EventType "team-swiss"]
[EventRounds "7"]
[EventCountry "GRE"]
[SourceTitle "CBM 204 Extra"]
[Source "ChessBase"]
[SourceDate "2021.11.30"]
[SourceVersion "1"]
[SourceVersionDate "2021.11.30"]
[SourceQuality "1"]
[WhiteTeam "Papagou"]
[BlackTeam "Epyk Irakliou Attykis"]
[WhiteTeamCountry "GRE"]
[BlackTeamCountry "GRE"]

1. e4 c5 2. c3 Nf6 3. e5 Nd5 4. d4 cxd4 5. cxd4 d6 6. Nf3 Nc6 7. Bc4 e6 8. Nbd2 Be7 9. Ne4 dxe5 10. dxe5 0-0 11. 0-0 Nb6 12. Bb3 Bd7 13. Bf4 Nb4 14. Nd6 Bc6 15. Nd4 Bd5 16. Rc1 Qd7 17. N4b5 Bc6 18. Nd4 Bd5 19. Re1 Rfd8 20. Re3 Bxb3 21. Rxb3 N4d5 22. Bg3 Bxd6 23. exd6 Rac8 24. Nb5 Rxc1 25. Qxc1 Nc8 26. Nc7 Ndb6 27. Nb5 Nd5 28. Nc7 Ndb6 29. Rd3 Qa4 30. Ra3 Qe4 31. h3 h6 32. Qd1 a6 33. Rd3 Qc4 34. d7 Ne7 35. Ne8 Ned5 36. Bc7 Nxc7 37. Rc3 Qd5 38. Rd3 Qe5 39. Re3 Qxb2 40. Rb3 Rxd7 41. Qg4 Qc1+ 42. Kh2 Nxe8 43. Rxb6 Qc7+ 0-1

[Event "GRE-chT 48th"]
[Site "Athens"]
[Date "2021.09.07"]
[Round "1.3"]
[White "Koutis, Pavlos"]
[Black "Ergazakis, Ioannis"]
[Result "0-1"]
[WhiteElo "1643"]
[BlackElo "2275"]
[PlyCount "52"]
[EventDate "2021.09.07"]
[EventType "team-swiss"]
[EventRounds "7"]
[EventCountry "GRE"]
[SourceTitle "CBM 204 Extra"]
[Source "ChessBase"]
[SourceDate "2021.11.30"]
[SourceVersion "1"]
[SourceVersionDate "2021.11.30"]
[SourceQuality "1"]
[WhiteTeam "Kallytheas"]
[BlackTeam "Epyk Irakliou Attykis"]
[WhiteTeamCountry "GRE"]
[BlackTeamCountry "GRE"]

1. e4 c5 2. Nc3 e6 3. g3 d5 4. exd5 exd5 5. d4 cxd4 6. Qxd4 Nf6 7. Bg5 Nc6 8. Qa4 Bb4 9. a3 Bxc3+ 10. bxc3 h6 11. Be3 Qe7 12. h3 0-0 13. Bg2 Bf5 14. Ne2 Be4 15. 0-0 Ne5 16. Nd4 Rfc8 17. Qb4 Qd7 18. Rab1 b6 19. Rbd1 Rc4 20. Qb3 Rac8 21. Bd2 Bxg2 22. Kxg2 Ne4 23. Ne2 Qf5 24. Bf4 Nc5 25. Qa2 Qe4+ 26. Kg1 Nf3+ 0-1

[Event "Belgrade Radnicki IM T2 08"]
[Site "Belgrade"]
[Date "2021.08.13"]
[Round "4"]
[White "Khubukshanov, Erdem"]
[Black "Ergazakis, Ioannis"]
[Result "1-0"]
[WhiteElo "2278"]
[BlackElo "2306"]
[PlyCount "55"]
[EventDate "2021.08.10"]
[EventType "tourn"]
[EventRounds "9"]
[EventCountry "SRB"]
[EventCategory "2"]
[SourceTitle "CBM 203 Extra"]
[Source "ChessBase"]
[SourceDate "2021.09.30"]
[SourceVersion "1"]
[SourceVersionDate "2021.09.30"]
[SourceQuality "1"]

1. e4 c5 2. Nf3 d6 3. Bb5+ Nd7 4. Ba4 Ngf6 5. 0-0 a6 6. c4 e6 7. Nc3 b6 8. d4 cxd4 9. Qxd4 e5 10. Qd3 Be7 11. Bg5 0-0 12. Bxd7 Qxd7 13. Rad1 Rd8 14. Bxf6 Bxf6 15. Nd5 Rb8 16. Qe3 Qc6 17. Rd3 Be6 18. Nxf6+ gxf6 19. Nd2 Kf8 20. Qh6+ Ke7 21. Rf3 Rg8 22. Qxf6+ Kd7 23. Rd3 Qc5 24. Nb3 Qxc4 25. Rfd1 Qxe4 26. Rxd6+ Kc8 27. Rc1+ Kb7 28. Nc5+ 1-0

[Event "Kavala op 28th"]
[Site "Kavala"]
[Date "2019.08.07"]
[Round "5"]
[White "Nikolaou, Georgios"]
[Black "Ergazakis, Ioannis"]
[Result "0-1"]
[WhiteElo "2197"]
[BlackElo "2270"]
[PlyCount "70"]
[EventDate "2019.08.04"]
[EventType "swiss"]
[EventRounds "9"]
[EventCountry "GRE"]
[SourceTitle "CBM 191 Extra"]
[Source "ChessBase"]
[SourceDate "2019.09.30"]
[SourceVersion "1"]
[SourceVersionDate "2019.09.30"]
[SourceQuality "1"]

1. Nf3 Nf6 2. c4 e6 3. g3 d5 4. Bg2 d4 5. 0-0 c5 6. d3 Nc6 7. e3 Be7 8. exd4 cxd4 9. Re1 0-0 10. a3 a5 11. Ne5 Nxe5 12. Rxe5 Nd7 13. Re1 Nc5 14. Qc2 a4 15. Nd2 Bd7 16. Rb1 Rc8 17. Ne4 Nb3 18. Nd2 Nxc1 19. Rexc1 b5 20. b4 axb3 21. Qxb3 Qa5 22. Nf3 bxc4 23. Rxc4 e5 24. Rxc8 Bxc8 25. a4 Bf5 26. Rc1 Bf6 27. h4 e4 28. dxe4 Bxe4 29. Qc4 Rd8 30. Rd1 Qc3 31. Ne5 Qxc4 32. Nxc4 Bc2 33. Rd2 d3 34. Be4 Rd4 35. Bxd3 Bxd3 0-1

[Event "GRE-ch U16"]
[Site "Rio Achaia"]
[Date "2018.07.07"]
[Round "7"]
[White "Katopodis, Dimitrios"]
[Black "Ergazakis, Ioannis"]
[Result "1-0"]
[WhiteElo "2267"]
[BlackElo "2228"]
[PlyCount "75"]
[EventDate "2018.07.03"]
[EventType "swiss"]
[EventRounds "9"]
[EventCountry "GRE"]
[SourceTitle "EXT 2019"]
[Source "ChessBase"]
[SourceDate "2018.10.10"]
[SourceVersion "1"]
[SourceVersionDate "2018.10.10"]
[SourceQuality "1"]

1. Nf3 d5 2. d4 Nf6 3. c4 e6 4. e3 Be7 5. Bd3 dxc4 6. Bxc4 0-0 7. 0-0 b6 8. Nc3 Bb7 9. Qe2 c5 10. dxc5 Bxc5 11. e4 Nbd7 12. Bf4 Qe7 13. Rad1 h6 14. a3 a5 15. h3 Rfd8 16. e5 Ne8 17. Ne4 Bxe4 18. Qxe4 Nf8 19. Bd3 Nc7 20. Bc1 Nd5 21. Qg4 Kh8 22. Qh5 f5 23. exf6 Nxf6 24. Qe5 Rd5 25. Qe2 Rad8 26. Ne5 Qc7 27. Bf4 Bd6 28. Rc1 Rc5 29. b4 Bxe5 30. Rxc5 bxc5 31. Bxe5 Qa7 32. b5 N8d7 33. Bc4 Nd5 34. Bxg7+ Kxg7 35. Bxd5 Nf8 36. Bxe6 Nh7 37. Qe5+ Nf6 38. Qg3+ 1-0

[Event "Athens Iraklion op 21st"]
[Site "Athens"]
[Date "2018.06.18"]
[Round "3"]
[White "Ergazakis, Ioannis"]
[Black "Kourkoulos Arditis, Stamatis"]
[Result "1-0"]
[WhiteElo "2208"]
[BlackElo "2426"]
[PlyCount "72"]
[EventDate "2018.06.16"]
[EventType "swiss"]
[EventRounds "9"]
[EventCountry "GRE"]
[SourceTitle "CBM 185 Extra"]
[Source "ChessBase"]
[SourceDate "2018.07.29"]
[SourceVersion "1"]
[SourceVersionDate "2018.07.29"]
[SourceQuality "1"]

1. e4 c5 2. Nf3 d6 3. d4 cxd4 4. Nxd4 Nf6 5. Nc3 a6 6. h3 e6 7. g4 h6 8. Bg2 Be7 9. Be3 g5 10. Qe2 Nbd7 11. Rf1 Ne5 12. f4 gxf4 13. Rxf4 b5 14. 0-0-0 b4 15. Nd5 exd5 16. exd5 Qc7 17. Nc6 Nfd7 18. Rxb4 a5 19. Rb3 Bg5 20. Rc3 Qb6 21. Bxg5 hxg5 22. Rb3 Qa6 23. Qe3 f6 24. Bf1 a4 25. Rb4 Qb7 26. Rxb7 Bxb7 27. Nxe5 Nxe5 28. Qb6 Bc8 29. Qxd6 Kf7 30. Qc7+ Bd7 31. Re1 Rhc8 32. Qd6 Ra7 33. Rxe5 fxe5 34. Bd3 Rg8 35. Qxe5 Rg7 36. Qb8 Bc8 1-0

[Event "Athens ChessSquare Autumn op"]
[Site "Athens"]
[Date "2017.10.21"]
[Round "6"]
[White "Finokaliotis, Georgios"]
[Black "Ergazakis, Ioannis"]
[Result "1/2-1/2"]
[WhiteElo "2059"]
[BlackElo "2159"]
[PlyCount "62"]
[EventDate "2017.09.16"]
[EventType "swiss"]
[EventRounds "7"]
[EventCountry "GRE"]
[SourceTitle "EXT 2024"]
[Source "ChessBase"]
[SourceDate "2023.10.10"]
[SourceVersion "1"]
[SourceVersionDate "2023.10.10"]
[SourceQuality "1"]

1. c4 e5 2. Nc3 Nf6 3. Nf3 Nc6 4. g3 d5 5. cxd5 Nxd5 6. d3 Nb6 7. Bg2 Be7 8. 0-0 0-0 9. b3 Be6 10. Be3 f5 11. Rc1 a5 12. Nd2 Nd5 13. Nxd5 Bxd5 14. Bc5 Bxg2 15. Bxe7 Qxe7 16. Kxg2 e4 17. dxe4 fxe4 18. Nc4 Rfd8 19. Qc2 Nb4 20. Qb2 Nd5 21. a4 c6 22. Qe5 Qxe5 23. Nxe5 Kf8 24. Rc5 Nf6 25. Rfc1 Rd2 26. R1c2 Rxc2 27. Rxc2 Rd8 28. Nc4 Rd5 29. Ne3 Rd4 30. Nc4 Rd5 31. Ne3 Rd4 1/2-1/2